Fluktuácia zamestnancov v samospráve bakalárska práca
Saved in:
| Main Author: | |
|---|---|
| Corporate Author: | |
| Other Authors: | |
| Format: | Book |
| Language: | Slovak |
| Published: |
Bratislava
2012
|
| Tags: |
No Tags, Be the first to tag this record!
|
MARC
| LEADER | 00000nbm a2200000 4500 | ||
|---|---|---|---|
| 001 | 0155991 | ||
| 005 | 20161109111930.6 | ||
| 041 | 0 | |a slo | |
| 044 | |a SK | ||
| 245 | 1 | 0 | |a Fluktuácia zamestnancov v samospráve |b bakalárska práca |c Michaela Hefková ; školiteľ: Tomáš Černěnko |
| 264 | 1 | |a Bratislava |c 2012 | |
| 300 | |a 45 s. | ||
| 100 | 1 | |a Hefková, Michaela | |
| 700 | 1 | |a Černěnko, Tomáš, 1981- | |
| 710 | 2 | |a Národohospodárska fakulta EU. Katedra verejnej správy a regionálneho rozvoja | |